| 000 -LEADER | |
|---|---|
| fixed length control field | 00455nam a22001697a 4500 |
| 005 - DATE AND TIME OF LATEST TRANSACTION | |
| control field | 20260129114750.0 |
| 008 - FIXED-LENGTH DATA ELEMENTS--GENERAL INFORMATION | |
| fixed length control field | 160702b xxu||||| |||| 00| 0 eng d |
| 020 ## - INTERNATIONAL STANDARD BOOK NUMBER | |
| ISBN | 81-315-0086-5 |
| 041 ## - LANGUAGE CODE | |
| Language code of text/sound track or separate title | eng |
| 082 ## - DEWEY DECIMAL CLASSIFICATION NUMBER | |
| Item number | 20891 |
| Classification number | 005.133 |
| 100 ## - MAIN ENTRY--AUTHOR NAME | |
| Personal name | Panitkar, Shibi and kumar, Sanjeev |
| 245 ## - TITLE STATEMENT | |
| Title | MAGIC OF C # WITH NET FRAME WORK |
| 260 ## - PUBLICATION, DISTRIBUTION, ETC. (IMPRINT) | |
| Name of publisher | Firewall Media |
| Place of publication | bangalore |
| Year of publication | 20892 |
| 300 ## - PHYSICAL DESCRIPTION | |
| Number of Pages | 909 |
| 650 ## - SUBJECT ADDED ENTRY--TOPICAL TERM | |
| Topical Term | Information Technolocy |
| 942 ## - ADDED ENTRY ELEMENTS (KOHA) | |
| Koha item type | Books |
| Lost status | Damaged status | Collection code | Home library | Current library | Shelving location | Date acquired | Cost, normal purchase price | Full call number | Accession Number | Koha item type |
|---|---|---|---|---|---|---|---|---|---|---|
| CS/IT | JRU Library | JRU Library | SHELF-54-B | 02/07/2016 | 650.00 | 005.133 | 20891 | Books | ||
| CS/IT | JRU Library | JRU Library | SHELF-54-B | 02/07/2016 | 650.00 | 005.133 | 20892 | Books | ||
| CS/IT | JRU Library | JRU Library | SHELF-54-B | 02/07/2016 | 650.00 | 005.133 | 20894 | Books | ||
| CS/IT | JRU Library | JRU Library | SHELF-54-B | 02/07/2016 | 650.00 | 005.133 | 20895 | Books | ||
| CS/IT | JRU Library | JRU Library | SHELF-54-B | 02/07/2016 | 650.00 | 005.133 | 20893 | Books |